000
00369nam a2200157Ia 4500
008
151213s9999 xx 000 0 und d
100
_a
Eugeme O' Neil
245
_a
Penguin Plays
_c
Eugeme O' Neil
250
_a
1st
260
_a
U. K.
_b
Penguing Book
_c
1922
300
_a
4511 p.
650
_a
English
650
_a
Plays
700
_a
Eugeme O' Neil
999
_c
2886
_d
2886